<?xml version="1.0" encoding="UTF-8"?>
<record
    xmlns:xsi="http://www.w3.org/2001/XMLSchema-instance"
    xsi:schemaLocation="http://www.loc.gov/MARC21/slim http://www.loc.gov/standards/marcxml/schema/MARC21slim.xsd"
    xmlns="http://www.loc.gov/MARC21/slim">

  <leader>00134    a2200073   4500</leader>
  <datafield tag="245" ind1=" " ind2=" ">
    <subfield code="a">Digital Design</subfield>
  </datafield>
  <datafield tag="942" ind1=" " ind2=" ">
    <subfield code="c">BK</subfield>
  </datafield>
  <datafield tag="100" ind1=" " ind2=" ">
    <subfield code="a">Frank Vahid</subfield>
    <subfield code="9">154</subfield>
  </datafield>
  <datafield tag="999" ind1=" " ind2=" ">
    <subfield code="c">291</subfield>
    <subfield code="d">291</subfield>
  </datafield>
  <datafield tag="952" ind1=" " ind2=" ">
    <subfield code="0">0</subfield>
    <subfield code="1">0</subfield>
    <subfield code="2">udc</subfield>
    <subfield code="4">0</subfield>
    <subfield code="7">0</subfield>
    <subfield code="a">IIITDM</subfield>
    <subfield code="b">IIITDM</subfield>
    <subfield code="d">2010-07-31</subfield>
    <subfield code="l">10</subfield>
    <subfield code="m">2</subfield>
    <subfield code="o">621.3.049.77:681.32 VAH </subfield>
    <subfield code="p">0000990</subfield>
    <subfield code="r">2024-11-30 00:00:00</subfield>
    <subfield code="s">2024-10-19</subfield>
    <subfield code="v">0.00</subfield>
    <subfield code="w">2010-07-31</subfield>
    <subfield code="y">BK</subfield>
    <subfield code="z">ECE</subfield>
  </datafield>
</record>
